00403nam a22001217a 4500020001600000082001000016100001900026245010700045260003600152300002800188650003800216700002700254 qHard Cover. a624.1 aSaif ur Rehman aStructural Fire Performance of Fiber Reinforced HSC Columns using Opensees Software /cSaif ur Rehman. aIslamabad:bSCEE - NUST,c2017. a103 p. :bill. ;c30cm. aStructural Engineering MS-Thesis. aDr, Syed Hassan Farooq